Phong tục và nghi lễ của người Thái ở Phong Thổ - tỉnh Lai Châu

Sách giới thiệu mối quan hệ gia đình và xã hội, phong tục liên quan đến vòng đời của cộng đồng người Thái trắng và một số nghi lễ thờ cúng.

Na minha lista:
Detalhes bibliográficos
Autor principal: Đồng, Trọng Im
Formato: Livro
Idioma:Undetermined
Publicado em: Hà Nội Văn hóa Thông tin 2011
Assuntos:
Tags: Adicionar Tag
Sem tags, seja o primeiro a adicionar uma tag!
Thư viện lưu trữ: Trung tâm Học liệu Trường Đại học Cần Thơ
LEADER 00869nam a2200205Ia 4500
001 CTU_167701
008 210402s9999 xx 000 0 und d
082 |a 390.0959738 
082 |b I.310 
100 |a Đồng, Trọng Im 
245 0 |a Phong tục và nghi lễ của người Thái ở Phong Thổ - tỉnh Lai Châu 
245 0 |c Đồng Trọng Im 
260 |a Hà Nội 
260 |b Văn hóa Thông tin 
260 |c 2011 
520 |a Sách giới thiệu mối quan hệ gia đình và xã hội, phong tục liên quan đến vòng đời của cộng đồng người Thái trắng và một số nghi lễ thờ cúng. 
650 |a Folklore,Văn hóa dân gian 
650 |z Vietnam,Việt Nam 
904 |i Trọng Hải 
980 |a Trung tâm Học liệu Trường Đại học Cần Thơ